Gestão tributária de contratos e convênios / (Record no. 705)

MARC details
000 -LÍDER
Campo Fixo de Controle 00802nam a2200253 a 4500
001 - NÚMERO DE CONTROLE
Campo de Controle 705
003 - IDENTIFICAÇÃO DO NÚMERO DE CONTROLE
Campo de Controle BR-CuiBMT
005 - DATA E HORA DA ÚLTIMA ATUALIZAÇÃO
Campo de Controle 20231113235623.0
008 - DADOS FIXOS
Dados Fixos 231107s2015 baba 000 0 por d
020 ## - INTERNATIONAL STANDARD BOOK NUMBER
Nº do ISBN 9788565250054
040 ## - AGÊNCIA CATALOGADORA
Código da Agência Catalogadora BR-CuiBMT
Agência que transcreveu o registro BR-CuiBMT
080 ## - Nº DA CLASSIFICAÇÃO DECIMAL UNIVERSAL
Nº edição CDU 2007
Nº Class. CDU 34:336.225
090 ## - NÚMERO DE CHAMADA
Nº classificação 34:336.225
Cutter L557g
Ano/Edição 4. ed.
100 1# - ENTRADA PRINCIPAL -- AUTOR PESSOAL
Nome pessoal Lemos, Alexandre Marques Andrade
245 10 - TÍTULO PRINCIPAL
Título principal Gestão tributária de contratos e convênios /
Indicação de responsabilidade Alexandre Marques Andrade Lemos.
250 ## - EDIÇÃO
Edição 4. ed., rev., ampl. e atual.
260 ## - PUBLICAÇÃO, DISTRIBUIÇÃO, ETC.
Local de publicação Salvador :
Editora Open Treinamento,
Data c2015.
300 ## - DESCRIÇÃO FÍSICA
N. páginas ou volumes 630 p. ;
Ilustrações il. :
Dimensões 28 cm
504 ## - NOTA DE BIBLIOGRAFIA, ETC.
Nota de bibliografia Inclui bibliografia.
650 ## - ASSUNTO TÓPICO
Cabeçalho tópico ou nome geográfico Finanças públicas
Subdivisão geral Controle
650 ## - ASSUNTO TÓPICO
Cabeçalho tópico ou nome geográfico Gestão tributária
Subdivisão geral Contratos e convênios
650 ## - ASSUNTO TÓPICO
Cabeçalho tópico ou nome geográfico Direito tributário
942 ## - ELEMENTOS DE ENTRADA ADICIONAIS (KOHA)
Fonte de classificação ou esquema de arquivamento Classificação Decimal Universal
Tipo de item do Koha Livros
Holdings
Estado: removido Estado: perdido Fonte de classificação ou esquema de arquivamento Estado: danificado Indisponível para empréstimo Localização permanente Localização atual Data de aquisição Total Checkouts Número de Chamada completo Código de barras Date last seen Número do exemplar Preço efetivo a partir de Tipo de item (Koha)
    Classificação Decimal Universal     Biblioteca da Escola Superior de Contas do TCE/MT Biblioteca da Escola Superior de Contas do TCE/MT 13/11/2023   34:336.225 L557g 4. ed. BIBTCEMT23110555 13/11/2023 Ex. 1 13/11/2023 Livros

Powered by Koha